Statistics for Diane Lane Movies

Click here to take the quiz!

General Stats

  • This quiz has been taken 3 times
  • The average score is 4 of 14

Answer Stats

Release YearCostarsMovie% Correct
1983Matt Dillon, Tom CruiseThe Outsiders
67%
1992Robert Downey Jr., Anthony HopkinsChaplin
33%
2015Bill Hader, Kyle MaclachlanInside Out
33%
1996Robin Williams, Jennifer LopezJack
33%
1995Sylvester Stallone, Max von SydowJudge Dredd
33%
2008Hayden Christensen, Samuel L. JacksonJumper
33%
2008Thomas Jane, Rosario DawsonKillshot
33%
2013Henry Cavill, Amy AdamsMan of Steel
33%
1983Laurence Fishburne, Nicolas CageRumble Fish
33%
1984Richard Gere, Bob HoskinsThe Cotton Club
33%
2000George Clooney, Mark WahlbergThe Perfect Storm
33%
2015Bryan Cranston, Helen MirrenTrumbo
33%
2016Arnaud Viard, Alec BaldwinParis Can Wait
0%
2019Matthew McConaughey, Anne HathawaySerenity
0%

Score Distribution

Percentile by Number Answered

Percent of People with Each Score

Your Score History

You have not taken this quiz